Catalog

Record Details

Catalog Search



Sweetwater Creek : a novel [Large Print] / Anne ... Read More

Available copies

  • 1 of 2 copies available at LARL/NWRL Consortium.
  • 1 of 2 copies available at Northwest Regional Library. (Show preferred library)

Current holds

0 current holds with 2 total copies.

Show Only Available Copies
Location Call Number / Copy Notes Barcode Shelving Location Status Due Date
Godel Memorial-Warren Library lp SID (Text) 35500005913627 Main Available -
Roseau Public Library lp SID (Text) 35500003761044 Main Checked out 06/25/2026

Record details

  • ISBN: 0060751517 (pbk.)
  • Physical Description: x, 544 p. (large print) ; 23 cm.
  • Edition: 1st ed.
  • Publisher: New York : HarperLargePrint, c2005.
Subject: Female friendship > Fiction.
South Carolina > Fiction.
Genre: Domestic fiction.
Large type books.
LDR 00849nam a2200253Ia 4500
00161971
003LARL_NWRL_CONSORTIUM
00520050913115656.0
008050818s2005 nyu d 000 1 eng
020 . ‡a0060751517 (pbk.)
035 . ‡a(OCoLC)61287117
040 . ‡aDPL ‡cDPL
043 . ‡an-us-sc
1001 . ‡aSiddons, Anne Rivers. ‡0(LARL_NWRL_CONSORTIUM)48384
24510. ‡aSweetwater Creek : ‡ba novel ‡h[Large Print] / ‡cAnne Rivers Siddons.
250 . ‡a1st ed.
260 . ‡aNew York : ‡bHarperLargePrint, ‡cc2005.
300 . ‡ax, 544 p. (large print) ; ‡c23 cm.
650 0. ‡aFemale friendship ‡vFiction. ‡0(LARL_NWRL_CONSORTIUM)164947
651 0. ‡aSouth Carolina ‡vFiction. ‡0(LARL_NWRL_CONSORTIUM)167302
655 0. ‡aDomestic fiction.
655 0. ‡aLarge type books.
901 . ‡a61971 ‡bOCLC ‡c61971 ‡tbiblio

Additional Resources